01010cam a2200301 i 450000100090000000300040000900500170001300800410003001000170007102000180008804000230010604200150012904300120014405000250015608200170018110000360019824501010023426400500033530000280038533600260041333700280043933800270046750400570049465000350055165000380058665000410062465100430066522319072OSt20230621111659.0211122s2021 ke b 000 0 eng  a 2021315794 a9789966021229 aDLCbengerdacDLC alcodeapcc afe-----00aJQ2945.A91bL57 2021 a328.672bTUN1 aLissu, Tundu Antiphas,eauthor.10aRemaining in the shadows :bparliament and accountability in East Africa /cby Hon. Tundu Lissu. 1a[Nairobi] :bKonrad Adenaeur Stiftung,c2021. axxi, 277 pages ;c21 cm atextbtxt2rdacontent aunmediatedbn2rdamedia avolumebnc2rdacarrier aIncludes bibliographical references (pages 273-277). 0aDemocratizationzAfrica, East. 0aLegislative bodieszAfrica, East. 0aPublic administrationzAfrica, East. 0aAfrica, EastxPolitics and government.